Không có gì mãi mãi

Salvato in:
Dettagli Bibliografici
Autore principale: SIDNEY SHELDON
Natura: Libro
Lingua:Undetermined
Pubblicazione: Văn học 2001
Tags: Aggiungi Tag
Nessun Tag, puoi essere il primo ad aggiungerne! !
Thư viện lưu trữ: Trung tâm Học liệu Trường Đại học Cần Thơ
LEADER 00409nam a2200145Ia 4500
001 CTU_48782
008 210402s9999 xx 000 0 und d
082 |a 813.5 
082 |b S544k 
100 |a SIDNEY SHELDON 
245 0 |a Không có gì mãi mãi 
245 0 |c SIDNEY SHELDON, Phạm Hương Trà 
260 |b Văn học 
260 |c 2001 
980 |a Trung tâm Học liệu Trường Đại học Cần Thơ